Once Upon A Time Season 1 Trivia - Statistics

General Stats
  • This quiz has been taken 1,286 times
  • The average score is 12 of 22
Answer Stats
Episode Question Answer % Correct
An Apple Red as Blood Who is Regina planning to remove from Storybrooke? Emma
99%
Pilot Who does Henry bring to Storybrooke? Emma Swan
99%
The Thing You Love Most Who's heart does Regina rip out in order to enact the Dark Curse? Her father's
91%
The Shepherd Who is thrown a welcome home party after waking from a coma? David Nolan
79%
The Heart Is a Lonely Hunter In fairytale world, who is trying to find an assassin to murder Snow White? The Evil Queen
72%
Skin Deep Who agrees to work for Rumplestiltskin in order to save her town from the ogres? Belle
67%
That Still Small Voice Who makes Emma the deputy sheriff? Graham
67%
Red-Handed Who quits their job at Granny's diner? Ruby
66%
The Price of Gold Which princess makes a deal with Rumplestiltskin? Cinderella
62%
Dreamy What do Mary Margaret and Leroy sell at the Miner's day festival? Candles
60%
Hat Trick Which new land is visited by the Evil Queen and the Mad Hatter? Wonderland
60%
Desperate Souls Who ran for Sheriff against Emma? Sidney Glass
58%
The Stranger Who turns Pinocchio into a real boy? The Blue Fairy
51%
True North Which siblings do we learn the backstory of? Hansel and Gretel
47%
Heart of Darkness Mary Margaret hires who as her attorney when she is arrested on suspicion of murdering Kathryn? Mr Gold
44%
A Land Without Magic What has Henry eaten which was meant for Emma? An apple turnover
39%
Snow Falls In fairytale world, who meets for the first time? Snow White and Prince Charming
34%
What Happened to Frederick What does Charming defeat in order to save Frederick? A siren
27%
Fruit of the Poisonous Tree Who stumbles upon a magic lamp containing the genie? King Leopold
25%
7:15 A.M. What does Mary Margaret say she needs to help her students with to cover up the fact she is going to Granny's to see David? A science project
13%
The Return What does Rumple say he is willing to give up for his son Baelfire? His magic
7%
The Stable Boy What secret did Snow White tell which caused Regina's hatred for her? Regina loves Daniel
3%
No matching quizzes found
Score Distribution
Percent of People with Each Score
Percentile by Number Answered
Your Score History
You have not taken this quiz